LEADER 01602nam 2200445 450 001 000008109 005 20110131114800.0 010 $a0-471-53829-9 100 $a20010412d1992----km-y0itay0103----ba 101 0 $aeng 102 $aUS 200 1 $aHomogeneous catalysis$ethe applications and chemistry of catalysis by soluble transition metal complexes$fGeorge W. Parshall, Steven D. Ittel 205 $a2. ed. 210 $c<> Wiley$aNew York...[etc.]$dc1992 215 $aXII, 342 p.$iill.$d25 cm. 225 $a<> Wiley-Interscience publication 606 $aCatalisi 676 $a660.2995$v(20. ed.)$9Chimica fisica applicata. Catalisi 700 1$aParshall,$bGeorge W.$018214 701 1$aIttel,$bSteven D.$0440149 801 0$aIT$bUniversità della Basilicata - B.I.A.$gRICA$2unimarc 912 $a000008109 996 $aHomogeneous catalysis$975367 997 $aUNIBAS BAS $aMONSCI BAS $aMONOGR BAS $aSCIENZE CAT $aTORRE$b20$c20010412$lBAS01$h1306 CAT $aTORRE$b20$c20010412$lBAS01$h1309 CAT $aTORRE$b20$c20010412$lBAS01$h1319 CAT $aTORRE$b20$c20010413$lBAS01$h1014 CAT $aTORRE$b20$c20020923$lBAS01$h1232 CAT $c20050601$lBAS01$h1754 CAT $abatch$b01$c20050718$lBAS01$h1049 CAT $c20050718$lBAS01$h1109 CAT $c20050718$lBAS01$h1139 CAT $c20050718$lBAS01$h1153 CAT $aATR$b40$c20110131$lBAS01$h1148 FMT Z30 -1$lBAS01$LBAS01$mBOOK$1BASA2$APolo Tecnico-Scientifico$2DID$BDidattica$3PTS.c3.p3.15$697743$5S97743$820010412$f98$FConsultazione LEADER 01695oam 2200421 450 001 9910716954003321 005 20211110084843.0 035 $a(CKB)5470000002526656 035 $a(OCoLC)1097460222 035 $a(EXLCZ)995470000002526656 100 $a20130918d1968 ua 0 101 0 $aeng 135 $aurbn||||auuuu 181 $ctxt$2rdacontent 182 $cc$2rdamedia 183 $acr$2rdacarrier 200 10$aElectronic products radiation control $esupplemental hearing before the Subcommittee on Public Health and Welfare of the Committee on Interstate and Foreign Commerce, House of Representatives, Ninetieth Congress, second session on H.R. 10790, a bill to amend the Public Health Services Act to provide for the protection of the public health from radiation emissions from electronic products (and similar bills), February 1, 1968 210 1$aWashington :$cU.S. Government Printing Office,$d1968. 215 $a1 online resource (iii, 63 pages) $cillustrations 300 $a"Serial no. 90-27." 320 $aIncludes bibliographical references (page 49). 517 $aElectronic products radiation control 606 $aColor television 606 $aRadiation$xSafety regulations$zUnited States 606 $aElectronic apparatus and appliances 608 $aLegislative hearings.$2lcgft 615 0$aColor television. 615 0$aRadiation$xSafety regulations 615 0$aElectronic apparatus and appliances. 801 0$bYOR 801 1$bYOR 801 2$bOCLCF 801 2$bOCLCO 801 2$bOCLCQ 906 $aBOOK 912 $a9910716954003321 996 $aElectronic products radiation control$93498252 997 $aUNINA